[Event "Kragero op"]
[Site "Kragero"]
[Date "2019.02.24"]
[Round "9"]
[White "Nilsen, Jarle"]
[Black "Unneland, Mathias"]
[Result "1-0"]
[WhiteElo "1845"]
[BlackElo "1890"]
[PlyCount "51"]
[EventDate "2019.02.20"]
[EventType "swiss"]
[EventRounds "9"]
[EventCountry "NOR"]
[SourceTitle "CBM 189 Extra"]
[Source "ChessBase"]
[SourceDate "2019.06.03"]
[SourceVersion "1"]
[SourceVersionDate "2019.06.03"]
[SourceQuality "1"]

1. d4 Nf6 2. c4 g6 3. Nc3 Bg7 4. Nf3 0-0 5. Bf4 d6 6. h3 c6 7. e3 Nbd7 8. Be2 Qe8 9. 0-0 e5 10. Bh2 Qe7 11. Re1 Ne8 12. Rc1 f5 13. b4 a5 14. b5 Nc7 15. bxc6 bxc6 16. Na4 Na6 17. c5 dxc5 18. d5 Rd8 19. dxc6 Ndb8 20. Qb3+ Be6 21. Bc4 Bxc4 22. Qxc4+ Kh8 23. Nxc5 Nb4 24. Ne6 N8xc6 25. Nxd8 Rxd8 26. a3 1-0

[Event "Kragero op"]
[Site "Kragero"]
[Date "2019.02.20"]
[Round "1"]
[White "Stefansson, Vignir Vatnar"]
[Black "Nilsen, Jarle"]
[Result "1-0"]
[WhiteElo "2263"]
[BlackElo "1845"]
[PlyCount "67"]
[EventDate "2019.02.20"]
[EventType "swiss"]
[EventRounds "9"]
[EventCountry "NOR"]
[SourceTitle "CBM 189 Extra"]
[Source "ChessBase"]
[SourceDate "2019.06.03"]
[SourceVersion "1"]
[SourceVersionDate "2019.06.03"]
[SourceQuality "1"]

1. c4 e5 2. Nc3 Nc6 3. g3 f5 4. Bg2 Nf6 5. e3 d5 6. Nxd5 Nxd5 7. cxd5 Nb4 8. d3 Nxd5 9. Nf3 Bd6 10. 0-0 Qe7 11. e4 fxe4 12. Ng5 Nf6 13. Nxe4 Nxe4 14. Bxe4 0-0 15. Bxb7 Bxb7 16. Qb3+ Kh8 17. Qxb7 Bc5 18. Be3 Rab8 19. Qe4 Rxb2 20. Rac1 Bb6 21. d4 Rxa2 22. dxe5 Qe6 23. Rc6 Qh3 24. e6 Rfxf2 25. Rxf2 Ra1+ 26. Rc1 Rxc1+ 27. Bxc1 Bxf2+ 28. Kxf2 Qxh2+ 29. Qg2 Qxg2+ 30. Kxg2 Kg8 31. Ba3 g5 32. g4 Kg7 33. e7 Kf7 34. Kf3 1-0

[Event "Kragero Grand Prix A"]
[Site "Kragero"]
[Date "2017.09.01"]
[Round "3"]
[White "Nilsen, Jarle"]
[Black "Sebastian, Andreas"]
[Result "1-0"]
[WhiteElo "1668"]
[BlackElo "1843"]
[PlyCount "73"]
[EventDate "2017.09.01"]
[EventType "swiss (rapid)"]
[EventRounds "6"]
[EventCountry "NOR"]
[SourceTitle "EXT 2024"]
[Source "ChessBase"]
[SourceDate "2023.10.10"]
[SourceVersion "1"]
[SourceVersionDate "2023.10.10"]
[SourceQuality "1"]

1. d4 Nf6 2. c4 e6 3. Nf3 Bb4+ 4. Bd2 Qe7 5. g3 Nc6 6. Bg2 Bxd2+ 7. Nbxd2 0-0 8. 0-0 d6 9. a3 e5 10. d5 Nb8 11. b4 e4 12. Ng5 e3 13. Nde4 Nxe4 14. Nxe4 f5 15. Nc3 f4 16. Qd4 exf2+ 17. Rxf2 fxg3 18. Rxf8+ Qxf8 19. hxg3 Nd7 20. Rf1 Qe7 21. Ne4 Ne5 22. c5 Bg4 23. cxd6 cxd6 24. Qe3 Rc8 25. Qxa7 Bxe2 26. Rf4 Ng4 27. Bh3 g5 28. Bxg4 Rc1+ 29. Kg2 gxf4 30. Be6+ Kg7 31. Qd4+ Kg6 32. gxf4 Bf1+ 33. Kf3 Rc4 34. Qg1+ Kh6 35. Qxf1 Rc2 36. Qh3+ Kg7 37. Qg4+ 1-0

[Event "Gausdal Classics Elo op"]
[Site "Gausdal"]
[Date "2007.04.21"]
[Round "4"]
[White "Pettersen, Joar Gullestad"]
[Black "Nilsen, Jarle"]
[Result "1-0"]
[WhiteElo "1724"]
[BlackElo "1762"]
[PlyCount "58"]
[EventDate "2007.04.18"]
[EventType "swiss"]
[EventRounds "9"]
[EventCountry "NOR"]
[SourceTitle "EXT 2008"]
[Source "ChessBase"]
[SourceDate "2007.11.25"]
[SourceVersion "1"]
[SourceVersionDate "2007.11.25"]
[SourceQuality "1"]

1. Nf3 g6 2. d4 Bg7 3. g3 Nf6 4. Bg2 0-0 5. 0-0 d6 6. c4 c6 7. Nc3 Qa5 8. h3 Qh5 9. Ng5 h6 10. Bf3 Ng4 11. hxg4 Bxg4 12. Bxg4 Qxg4 13. Nf3 e5 14. dxe5 dxe5 15. e4 f5 16. Nh4 Qh3 17. Nxg6 f4 18. Qf3 Re8 19. Nh4 Rf8 20. Qg2 Qg4 21. Nf5 f3 22. Qh1 Rxf5 23. exf5 Nd7 24. Qh4 Qxf5 25. Rd1 Nf6 26. Rd6 Rf8 27. Bxh6 e4 28. Qg5 Qxg5 29. Bxg5 Ng4 1-0

[Event "NOR-chB"]
[Site "Moss"]
[Date "2006.07.12"]
[Round "6"]
[White "Vik Hansen, Rune"]
[Black "Nilsen, Jarle"]
[Result "0-1"]
[WhiteElo "1702"]
[BlackElo "1716"]
[PlyCount "56"]
[EventDate "2006.07.08"]
[EventType "swiss"]
[EventRounds "9"]
[EventCountry "NOR"]
[SourceTitle "EXT 2007"]
[Source "ChessBase"]
[SourceDate "2006.11.23"]
[SourceVersion "1"]
[SourceVersionDate "2006.11.23"]
[SourceQuality "1"]

1. e4 d5 2. exd5 Nf6 3. c4 c6 4. d4 cxd5 5. Nc3 e6 6. Nf3 Be7 7. cxd5 exd5 8. Bd3 Nc6 9. h3 Qa5 10. 0-0 0-0 11. Re1 Bb4 12. Bg5 Bxc3 13. bxc3 Ne4 14. Bf4 Qxc3 15. Re3 Qa5 16. Ng5 f5 17. Nxe4 fxe4 18. Bd6 Rd8 19. Qh5 Be6 20. Rg3 Rxd6 21. Rxg7+ Kxg7 22. Qg5+ Kf7 23. Qh5+ Ke7 24. Qxh7+ Bf7 25. Be2 Qd2 26. Bg4 Qg5 27. Rb1 b6 28. f4 Qf6 0-1

[Event "NOR-chB"]
[Site "Moss"]
[Date "2006.07.11"]
[Round "5"]
[White "Nilsen, Jarle"]
[Black "Kallset, Tore"]
[Result "0-1"]
[WhiteElo "1716"]
[BlackElo "1663"]
[PlyCount "84"]
[EventDate "2006.07.08"]
[EventType "swiss"]
[EventRounds "9"]
[EventCountry "NOR"]
[SourceTitle "EXT 2007"]
[Source "ChessBase"]
[SourceDate "2006.11.23"]
[SourceVersion "1"]
[SourceVersionDate "2006.11.23"]
[SourceQuality "1"]

1. d4 e6 2. c4 Nf6 3. Nf3 b6 4. Bg5 Bb7 5. e3 Be7 6. Be2 0-0 7. 0-0 d5 8. Bxf6 Bxf6 9. Nbd2 Nd7 10. Rc1 c5 11. cxd5 exd5 12. Bd3 Rc8 13. Re1 Re8 14. Nf1 Nf8 15. Ng3 Ne6 16. Bb1 cxd4 17. Qd3 g6 18. exd4 Qd6 19. Rxc8 Bxc8 20. Qd2 Bd7 21. Ne5 Nxd4 22. Nxd7 Rxe1+ 23. Qxe1 Qxd7 24. Bd3 Qe6 25. Qxe6 fxe6 26. Kf1 Nc6 27. b3 Kf7 28. Ke2 Ke7 29. Kd2 Kd6 30. Ne2 Nb4 31. Bb1 e5 32. Nc3 Nc6 33. g3 e4 34. Ne2 Bg5+ 35. Kc3 Kc5 36. a3 d4+ 37. Kb2 d3 38. b4+ Kd6 39. Nc3 Bf6 40. f3 d2 41. Bc2 exf3 42. b5 Na5 0-1

[Event "NOR-chB"]
[Site "Moss"]
[Date "2006.07.10"]
[Round "4"]
[White "Tufta, Jon Gunnar"]
[Black "Nilsen, Jarle"]
[Result "0-1"]
[WhiteElo "1679"]
[BlackElo "1716"]
[PlyCount "94"]
[EventDate "2006.07.08"]
[EventType "swiss"]
[EventRounds "9"]
[EventCountry "NOR"]
[SourceTitle "EXT 2007"]
[Source "ChessBase"]
[SourceDate "2006.11.23"]
[SourceVersion "1"]
[SourceVersionDate "2006.11.23"]
[SourceQuality "1"]

1. e4 d5 2. exd5 Nf6 3. d4 Nxd5 4. c4 Nb6 5. Be3 e5 6. a3 Nc6 7. d5 Ne7 8. Qh5 Nf5 9. Bd3 g6 10. Qe2 Bg7 11. Bc5 Nd6 12. Bb4 a5 13. Bc3 Nd7 14. Nd2 0-0 15. Ne4 f5 16. Nxd6 cxd6 17. Qd2 Nc5 18. Bc2 Qh4 19. Qe2 Ne4 20. Bxe4 fxe4 21. g3 Qf6 22. h4 h5 23. Rh2 Bf5 24. a4 Bh6 25. Bd2 Bxd2+ 26. Qxd2 Kh7 27. Nh3 Bxh3 28. Rxh3 Qf5 29. Rh2 Qf3 30. Ra3 Qg4 31. Rb3 Rf7 32. Rb6 Rc8 33. b3 Qf3 34. Qe3 Qg4 35. Rxd6 Rf3 36. Qb6 Rd3 37. f3 Qxf3 38. Qxb7+ Kh6 39. Rxg6+ Kxg6 40. Qb6+ Kg7 41. Qb7+ Kg6 42. Qa6+ Kg7 43. Qb7+ Qf7 44. Qxc8 Rxb3 45. Re2 e3 46. Kd1 Qf1+ 47. Kc2 Qb1# 0-1

[Event "NOR-ch op"]
[Site "Oslo"]
[Date "2006.04.08"]
[Round "1"]
[White "Brynell, Stellan"]
[Black "Nilsen, Jarle"]
[Result "1-0"]
[WhiteElo "2488"]
[BlackElo "1881"]
[PlyCount "45"]
[EventDate "2006.04.08"]
[EventType "swiss"]
[EventRounds "9"]
[EventCountry "NOR"]
[SourceTitle "CBM 111 Extra"]
[Source "ChessBase"]
[SourceDate "2006.05.09"]
[SourceVersion "1"]
[SourceVersionDate "2006.05.09"]
[SourceQuality "1"]

1. d4 Nf6 2. Nf3 g6 3. c4 Bg7 4. g3 c6 5. Bg2 d5 6. cxd5 cxd5 7. Nc3 Nc6 8. 0-0 0-0 9. Ne5 Bf5 10. Bf4 Ne4 11. Nxc6 bxc6 12. Na4 Rc8 13. Rc1 Nd6 14. b3 f6 15. Rxc6 Nb5 16. Rxc8 Bxc8 17. Qd2 Kh8 18. Rc1 e5 19. dxe5 fxe5 20. Bg5 Bf6 21. Bh6 Bg7 22. Bxg7+ Kxg7 23. Qxd5 1-0

[Event "Kragero op"]
[Site "Kragero"]
[Date "2005.11.19"]
[Round "3"]
[White "Nilsen, Jarle"]
[Black "Lie, Kjetil A"]
[Result "0-1"]
[WhiteElo "1632"]
[BlackElo "2496"]
[PlyCount "64"]
[EventDate "2005.11.18"]
[EventType "swiss"]
[EventRounds "5"]
[EventCountry "NOR"]
[SourceTitle "CBM 109 Extra"]
[Source "ChessBase"]
[SourceDate "2006.01.03"]
[SourceVersion "2"]
[SourceVersionDate "2006.01.03"]
[SourceQuality "1"]

1. d4 Nf6 2. c4 c5 3. d5 e6 4. Nc3 exd5 5. cxd5 d6 6. e4 g6 7. Be2 Bg7 8. Nf3 0-0 9. 0-0 Bg4 10. Nd2 Bxe2 11. Qxe2 a6 12. a4 Nbd7 13. a5 Nh5 14. Nc4 Ne5 15. Nb6 Rb8 16. g3 Qc7 17. f4 Nd7 18. Nc4 Rfe8 19. Qf3 Bd4+ 20. Kh1 Nhf6 21. Nxd6 Qxd6 22. e5 Qe7 23. exf6 Qxf6 24. Bd2 Qf5 25. Rae1 Nf6 26. d6 Red8 27. Re7 Rxd6 28. Rxb7 Rxb7 29. Qxb7 Qd3 30. Rf3 Qxd2 31. Qb8+ Kg7 32. Qxd6 Ng4 0-1

[Event "Molde"]
[Site "Molde"]
[Date "2004.07.05"]
[Round "4"]
[White "Hoel, Haakon"]
[Black "Nilsen, Jarle"]
[Result "1-0"]
[WhiteElo "1564"]
[BlackElo "1679"]
[PlyCount "83"]
[EventDate "2004.07.03"]
[EventType "swiss"]
[EventRounds "8"]
[EventCountry "NOR"]
[SourceTitle "EXT 2008"]
[Source "ChessBase"]
[SourceDate "2007.11.25"]
[SourceVersion "1"]
[SourceVersionDate "2007.11.25"]
[SourceQuality "1"]

1. e4 c5 2. Nf3 Nc6 3. Bb5 d6 4. 0-0 Bd7 5. Re1 g6 6. Nc3 Bg7 7. d3 Nf6 8. Bf4 0-0 9. Qd2 Re8 10. Bh6 Bh8 11. Bg5 a6 12. Bxc6 Bxc6 13. e5 Ng4 14. exd6 Qxd6 15. Ne4 Bxe4 16. Rxe4 f5 17. Re2 Bxb2 18. Rb1 Bd4 19. Rxb7 e6 20. h3 Ne5 21. Nxd4 Qxd4 22. Qe1 Qd5 23. Rb6 Nc6 24. f4 c4 25. Kh1 cxd3 26. cxd3 a5 27. Bh6 Rac8 28. Qc3 Nd4 29. Qb2 Re7 30. Rb8 Rec7 31. Rxc8+ Rxc8 32. Rc2 Re8 33. Rc7 e5 34. fxe5 Qxe5 35. Qb7 Qe1+ 36. Kh2 Qe5+ 37. Kh1 Qe1+ 38. Kh2 Nf3+ 39. Qxf3 Qe5+ 40. Bf4 Qb2 41. Qd5+ Kh8 42. Qd7 1-0